书目信息 |
| 题名: |
Excel 2013基础入门与办公应用
|
|
| 作者: | ;神龙工作室 编著 | |
| 分册: | ||
| 出版信息: | 北京 人民邮电出版社 2015.02 |
|
| 页数: | 360页, [2] 页图版 | |
| 开本: | 26cm | |
| 丛书名: | ||
| 单 册: | ||
| 中图分类: | TP391.13 | |
| 科图分类: | ||
| 主题词: | 表处理软件--biao chu li ruan jian | |
| 电子资源: | ||
| ISBN: | 978-7-115-37639-8 | |
| 000 | 01002nam0 2200265 450 | |
| 001 | 1530243890 | |
| 005 | 20150815082436.78 | |
| 010 | @a978-7-115-37639-8@dCNY49.80 (含光盘) | |
| 010 | @a978-7-89397-400-7@b光盘 | |
| 100 | @a20150303d2015 em y0chiy50 ea | |
| 101 | 0 | @achi |
| 102 | @aCN@b110000 | |
| 105 | @aaf z 000yy | |
| 106 | @ar | |
| 200 | 1 | @aExcel 2013基础入门与办公应用@AExcel 2013 ji chu ru men yu ban gong ying yong@f神龙工作室编著 |
| 210 | @a北京@c人民邮电出版社@d2015.02 | |
| 215 | @a360页, [2] 页图版@c图@d26cm@e光盘1片 | |
| 330 | @a本书共14章, 分别介绍Excel 2013工作簿与工作表的基本操作、编辑工作表、数据透视表、美化工作表、排序筛选与汇总数据、图表的应用、数据处理与分析、宏与VBA、Office组件之间的协作以及Excel综合应用案例等内容。 | |
| 586 | @a | |
| 606 | 0 | @a表处理软件@Abiao chu li ruan jian |
| 610 | 0 | @aExcel |
| 690 | @aTP391.13@v5 | |
| 711 | 02 | @a神龙工作室@Ashen long gong zuo shi@4编著 |
| 801 | 0 | @aCN@c20150820 |
| 905 | @a河南城建学院图书馆@dTP391.13@eS37912@f1 | |
| Excel 2013基础入门与办公应用/神龙工作室编著.-北京:人民邮电出版社,2015.02 |
| 360页, [2] 页图版:图;26cm+光盘1片 |
| ISBN 978-7-115-37639-8:CNY49.80 (含光盘) |
| 本书共14章, 分别介绍Excel 2013工作簿与工作表的基本操作、编辑工作表、数据透视表、美化工作表、排序筛选与汇总数据、图表的应用、数据处理与分析、宏与VBA、Office组件之间的协作以及Excel综合应用案例等内容。 |
| ● |
| 相关链接 |
|
|
|
正题名:Excel 2013基础入门与办公应用
索取号:TP391.13/S37912
 
预约/预借
| 序号 | 登录号 | 条形码 | 馆藏地/架位号 | 状态 | 备注 |
| 1 | 1164880 | 211648804 | 自科库301/ [索取号:TP391.13/S37912] | 在馆 |